| 000 | 00816cam a22002295a 4500 | ||
|---|---|---|---|
| 001 | 14465295 | ||
| 005 | 20180102120627.0 | ||
| 008 | 060724t2007 njua frb 001 0 eng d | ||
| 020 | _a0132393085 | ||
| 020 | _a9780132393089 | ||
| 040 |
_aDLC _cDLC _dBAKER _dC#P _dYDXCP _dIXA _dDLC _dEG-ScBUE _beng |
||
| 082 | 0 | 4 |
_a004.6 _222 _bCOM |
| 100 | 1 |
_aComer, Douglas. _93817 |
|
| 245 | 1 | 0 |
_aAutomated network management systems : _bcurrent and future capabilities / _cDouglas E. Comer. |
| 260 |
_aUpper Saddle River : _bPearson Prentice Hall, _cc.2007. |
||
| 300 |
_axvi, 342 p. : _bill. ; _c25 cm. |
||
| 504 | _aIncludes bibliographical references and index. | ||
| 650 | 7 |
_aComputer networks _xManagement _xAutomation _93819 _2BUEsh |
|
| 651 | _2BUEsh | ||
| 653 |
_bGGEN _cJanuary2014 _cJanuary2018 |
||
| 942 |
_2ddc _cBB _k004.6 COM |
||
| 999 |
_c11324 _d11324 |
||